000 00880nam a2200241 a 4500
003 CBULib
005 20240828094812.0
008 210107s2020 ||||||||||||||||| || u
020 _a9789211172249
040 _aCBULib
_bEnglish
_cCBULib
_dCBULib
_erda
050 _aUNECE(02)2020/8
110 _aUnited Nations Economic Commission for Europe (UNECE)
245 1 0 _aMobility management : a guide of international good practices.
_c / by United Nations Economic Commission for Europe(UNECE)
260 _aGeneva
_bUNITED NATIONS
_c2020
300 _avii,72 pages: illustrations
336 _2rdacontent
_aText |
_btxt
337 _2rdamedia
_aUnmediated |
_bn
338 _2rdacarrier
_aVolume
_bnc
500 _aECE/AC.21/7 Sales no. E.20II.E.10
650 0 _aSUSTAINABLE TRANSPORTATION
_93452
942 _2mc
_c029
999 _c51353
_d51353